Formula One Quotes Part 2 - Statistics

General Stats
  • This quiz has been taken 60 times
  • The average score is 7 of 15
Answer Stats
Hint Answer % Correct
Carlos Sainz: Smooth ____~ operator
92%
Ferrari: A leakage of what? Charles Leclerc: I have the seat ________! Like ________! full of water
88%
Max Verstappen: It's always if if if, if my mom ________ she would be my dad. had balls
84%
Charles Leclerc: Nothing just an ____... on the race. inchident
82%
(Following the previous question) Ferrari: Must be the water. Charles Leclerc: Let's add that to the ________. words of wisdom
82%
Sebastian Vettel: There's something loose between my legs. ________. Apart from the obvious
53%
Daniel Ricciardo: Holy ________ balls! mac n cheese
51%
Kimi Raikkonen: ________ for me. So obviously I don't need to do if I don't want to. It's more like a hobby
35%
Interviewer: ... yet you're still extremely fast, how do you do it?James Hunt: ________. Big balls
31%
Sebastian Vettel: Honestly what are we doing? ________? Racing or ping pong
27%
Sergio Perez: Ah he hit me man! He pushed me off!George Russell: He just ________! fully turned into me
16%
Aryton Senna: Being second is to be the ________. first of the ones who lose
12%
Kimi Raikkonen: As long as you have more ________ than hungover days, you're fine. drinking days
8%
Oscar Piastri: My sense of humor is ________. pretty dry
6%
George Russell: What the hell happened there?Mercedes: You ________! turned right into him George
2%
No matching quizzes found
Score Distribution
Percent of People with Each Score
Percentile by Number Answered
Your Score History
You have not taken this quiz